SCH - JVLIVS II - Statistiques

Statistiques générales
  • Ce quiz a été pris 21 fois
  • Le résultat moyen est 11 sur 19
Statistiques - réponses
Artistes Musiques % Correct
SCH, Freeze Corleone Mannschaft
100%
SCH Marché Noir
93%
SCH Aluminium
86%
SCH Loup Noir
86%
SCH, Jul Mode Akimbo
86%
SCH Crack
71%
SCH Assoces
64%
SCH Fournaise
64%
SCH Euro
57%
SCH Gibraltar
57%
SCH Corrida
50%
SCH La Battue
50%
SCH Mafia
50%
SCH Zone à Danger
50%
SCH Grand Bain
43%
SCH Parano
43%
SCH Raisons
43%
SCH Plus Rien à se Dire
29%
SCH Le Coup d'Avance
21%
Aucun quiz correspondant
Distribution des résultats
% des personnes avec chaque résultat
Percentile par nombre de réponses
Votre historique - résultats
Vous n’avez pas pris ce quiz